Využitie Bayesovského prístupu pri odhade podielu a možnosti jeho aplikácie v ekonomickej praxi

Bodový odhad parametra binomického rozdelenia. Návrh algoritmu na stanovenie bayesovského odhadu na vopred stanovenom intervale.

Guardado en:
Detalles Bibliográficos
Autor principal: Kotlebová, Eva
Otros Autores: Láska, Ivan, 1988-
Formato: Capítulo de libro
Lenguaje:eslovaco
Materias:
Etiquetas: Agregar Etiqueta
Sin Etiquetas, Sea el primero en etiquetar este registro!

MARC

LEADER 00000naa a2200000 4500
001 0184713
005 20240502073152.2
041 0 |a slo 
044 |a SK 
245 1 0 |a Využitie Bayesovského prístupu pri odhade podielu a možnosti jeho aplikácie v ekonomickej praxi  |c Eva Kotlebová, Ivan Láska 
520 |a Bodový odhad parametra binomického rozdelenia. Návrh algoritmu na stanovenie bayesovského odhadu na vopred stanovenom intervale. 
610 2 0 |a rozdelenie početnosti 
610 2 0 |a algoritmy 
610 2 0 |a predvídanie 
610 2 0 |a štatistika ekonomická 
100 1 |a Kotlebová, Eva 
700 1 |a Láska, Ivan, 1988-